| 000 | 00353nam a22001457a 4500 | ||
|---|---|---|---|
| 999 |
_c532745 _d532745 |
||
| 003 | NUST | ||
| 020 |
_a9789694025636 _qH/B. |
||
| 038 | _awaseem | ||
| 082 |
_a307.1412092 _bCOS |
||
| 100 |
_aCossins, Noel _926322 |
||
| 245 |
_aThe man in the Hat / _cNoel Cossins |
||
| 260 |
_aKarachi : _bVanguard Books, _c2013. |
||
| 300 | _a709 p. ; | ||
| 942 |
_2ddc _cBK |
||